000 00208nam a2200109Ia 4500
100 _a#N/A
942 _cBK
654 _aembedded software
245 _aEmbedded Software
260 _b#N/A
546 _aENGLISH
999 _c19603
_d19603